| 000 | 00356nam a2200121 4500 | ||
|---|---|---|---|
| 999 |
_c10914 _d10914 |
||
| 008 | 180927b ||||| |||| 00| 0 eng d | ||
| 100 |
_931727 _aCinco, Maricar |
||
| 245 |
_aWastes become library in Romblon/ _cMaricar Cinco |
||
| 260 |
_aPhilippines _bPhilippine Daily Inquirer _cc2017 |
||
| 300 | _apage 3. | ||
| 650 | 0 |
_931728 _aLibraries. |
|
| 942 |
_2ddc _cPER |
||